000 01519nam2a22002651 4500
001 v19\rc\1984548
005 20251118181217.3
035 _a(NLR Aleph) 005067266
090 _a7058202
_c7058202
100 _a20080623d1914 u y0rusy50 ca
101 0 _arus
102 _aRU
105 _ay z |||||
200 0 _aЧ. 1
210 _d1914
215 _a[3], VII, 276 с.
461 0 _1001v19\rc\1984547
_12001#$aТруды Второго Совещания инспекторов сельского хозяйства и правительственных агрономов, состоявшегося при Департаменте земледелия 15-26 апреля 1914 года$eЧ. 1$fГ.У.З. и З. Деп. земледелия$vЧ. 1
_97058197
_aСовещание инспекторов сельского хозяйства и правительственных агрономов (2 ; 1914 ; Петроград)
_cПетроград
_d1914
_fГ.У.З. и З. Деп. земледелия
_oЧ. 1
_tТруды Второго Совещания инспекторов сельского хозяйства и правительственных агрономов, состоявшегося при Департаменте земледелия 15-26 апреля 1914 года
_vЧ. 1
801 0 _aRU
_bNLR
_gpsbo
801 0 _aRU
_bRuMoRGB
_2psbo
801 1 _aRU
_bProSoft-M
_2rusmarc
852 _aNLR
_j66-7/1753
899 _aRuMoRGB
_jS 96/80
899 _aRuMoRGB
_jS 96/20
942 _cBOOK
980 _aNB